[Event "GER-chT Betriebe 16th"]
[Site "Dresden"]
[Date "2016.11.05"]
[Round "4.4"]
[White "Salomon, Hendrik"]
[Black "Schroeder, Wilfried1111"]
[Result "1-0"]
[WhiteElo "1200"]
[BlackElo "1400"]
[PlyCount "57"]
[EventDate "2016.11.03"]
[EventType "team-swiss"]
[EventRounds "7"]
[EventCountry "GER"]
[SourceTitle "EXT 2020"]
[Source "ChessBase"]
[SourceDate "2019.10.17"]
[SourceVersion "1"]
[SourceVersionDate "2019.10.17"]
[SourceQuality "1"]
[WhiteTeam "Stuttgart Stern"]
[BlackTeam "Bremen Airbus"]
[WhiteTeamCountry "GER"]
[BlackTeamCountry "GER"]

1. e4 e5 2. Nf3 Nc6 3. Bc4 h6 4. Nc3 d6 5. d4 Bg4 6. Be3 Qf6 7. Nd5 Qd8 8. c3 a6 9. dxe5 Nxe5 10. Be2 Nf6 11. Nxe5 Bxe2 12. Qxe2 dxe5 13. 0-0-0 Bd6 14. f4 0-0 15. fxe5 Bxe5 16. Bf4 Nd7 17. Rhf1 f6 18. Ne3 Qe7 19. Nf5 Bxf4+ 20. Rxf4 Qe8 21. Nxh6+ gxh6 22. Qg4+ Kh7 23. Rxd7+ Rf7 24. Qf5+ Kh8 25. Rxf7 Qxf7 26. Qxf6+ Qg7 27. e5 Rf8 28. Qxf8+ Kh7 29. Rf7 1-0